000 00354nam a2200133 i 4500
001 bg
100 1 _aSCHORNER, Ernst
245 0 _aDarstellende Geometrie :
_bkonstruktionsgrundlagen fur Studium und Praxis /
_cErnst Schorner.
260 _aMunchen,
_c1973.
040 _cBPK
041 _apol
942 _cKS
008 s pl f |000 0 pol
999 _c26296
_d26296
856 _uhttp://koha.tu.koszalin.pl/cgi-bin/koha/opac-detail.pl?biblionumber=26296
_yKatalog online BPK